00958nam a2200241Ia 4500001000600000003000900006008004100015040001300056040001300069041001300082100002300095100002900118245005600147245006700203250001100270260001100281260003300292260004900325300005500374500022500429650003100654650003100685H8680IT-RoPAU130308s9999 xx 000 0 und d aIT-RoPAU cIT-RoPAU aITALIANO aBenincasa Antonino gCodice Aut. SPICS: 59451 aBasic Motion - Analisi della progettazione cinetica bWeb Design e Processi Cognitivi. L'Ambiente dell'Apprendimento a1a ed. aMILANO bMcgraw Hill Libri Italia Srl c2006 [1° Ed.:2006 - Ed.Ling.Originale:2006] a"5 p. (prefazione: no ; testo: 5 [pagine: 91-95])" aStruttura e Coscienza. Contemporaneità e Successione. Spazio e tensione . Percezione e Movimento. Fattori del Movimento. Percezione e Direzione. rivelazione della Velocità. Percezione e Forze: forze del Campo Visivo. aEDUCAZIONE ALL'INFORMATICA eCodice materia Spics: 4212